000 01746cam a2200433 a 4500
001 15800329
003 OSt
005 20140310182743.0
008 090701s2010 maua c 001 0 eng
010 _a 2009027285
_z 2010001784
020 _a9781592535675 (v. 1)
020 _a1592535674 (v. 2)
020 _a9781592536122 (v. 2)
020 _a1592536123 (v. 2)
040 _aDLC
_cDLC
_dDLC
050 0 0 _aNC 1002.L63
_b.F59 2010
082 0 0 _a741.6
_222
100 1 _aFishel, Catharine M.
245 1 0 _aLogoLounge master library /
_cCatharine Fishel and Bill Gardner.
246 3 0 _aLogo Lounge master library
260 _aBeverly, Mass. :
_bRockport Publishers,
_cc2010-
300 _av. <1-2> :
_bill. (chiefly col.) ;
_c23 cm.
500 _aIncludes indexes.
505 1 _av. 1. 3000 initial & crest logos -- v. 2. 3000 animal & mythology logos
521 _aMC
562 _eFor circulation. 1 copy available in the collection
650 0 _aLogos (Symbols)
_vCatalogs.
650 0 _aCorporate image
_vCatalogs.
700 1 _aGardner, Bill.
856 4 2 _3Contributor biographical information
_uhttp://www.loc.gov/catdir/enhancements/fy0913/2009027285-b.html
856 4 2 _3Publisher description
_uhttp://www.loc.gov/catdir/enhancements/fy0913/2009027285-d.html
906 _a7
_bcbc
_corignew
_d1
_eecip
_f20
_gy-gencatlg
942 _2lcc
_cBK
_kFOR
999 _c15608
_d15608